000 00568cam a2200193ua 4500
001 6499
008 131216n ii |||gr||||Z||||||eng
020 _a978-81-7708-283-8
040 _cMAIN
082 _a332.54
245 _aBanking system in India :
_bReforms and performance evaluation /
_cBy S.M. Jawed Akhtar .
260 _aNew delhi:
_bNew century publications,
_c2011.
300 _axvi,220p.
653 _aCommerce
653 _aBanking system in India :
700 _aAkhtar,S.M. Jawed,
_eAuthor.,
700 1 _aAlam,Md. Shabbir,
_eAuthor.
942 _cBK
999 _c5648
_d5648